000 00205nam a22000857a 4500
008 170617b xxu||||| |||| 00| 0 eng d
100 _93492
_aAli. S
245 _aCommon Birds
260 _aNew Delhi
_bN. B. T
_c2008
999 _c6875
_d6875